01597nam a2200385Ia 4500001001200000003000800012006001900020007001500039008004100054010001700095020002800112020003500140020003100175020003800206040002100244035002100265050002400286100002400310245010700334260005800441300003200499490002400531500008600555504006400641533015200705650004400857650002300901650004200924650003300966655002900999710001701028830002501045856012601070999001501196ebr10277745CaPaEBRm u cr cn|||||||||080303s2008 mnuabf sb 001 0 eng d z 2008009635 z0816647836 (alk. paper) z0816647844 (pbk. : alk. paper) z9780816647835 (alk. paper) z9780816647842 (pbk. : alk. paper) aCaPaEBRcCaPaEBR a(OCoLC)31821860014aE98.P95bB66 2008eb1 aBrooks, Lisa Tanya.14aThe common poth[electronic resource] :bthe recovery of native space in the Northeast /cLisa Brooks. aMinneapolis :bUniversity of Minnesota Press,cc2008. axlvi, 346 p. :bill., maps.1 aIndigenous Americas aOriginally presented as the author's thesis (doctoral--Cornell University, 2004). aIncludes bibliographical references (p. 255-319) and index. aElectronic reproduction.bPalo Alto, Calif. :cebrary,d2011.nAvailable via World Wide Web.nAccess may be limited to ebrary affiliated libraries. 0aGeographical perceptionzNorth America. 0aIndian philosophy. 0aIndians of North AmericaxPsychology. 0aSacred spacezNorth America. 7aElectronic books.2local2 aebrary, Inc. 0aIndigenous Americas.40uhttp://site.ebrary.com/lib/rucke/Doc?id=10277745zAn electronic book accessible through the World Wide Web; click to view c5590d5590